LIBRARY & INFORMATION CENTRE, KCAET, TAVANUR

ONLINE PUBLIC ACCESS CATALOGUE (OPAC)

Condensed chemical dictionary / (Record no. 10001)

MARC details
000 -LEADER
fixed length control field 00460cam a2200181ua 4500
041 ## - LANGUAGE CODE
Language code of text/sound track or separate title eng
082 ## - DEWEY DECIMAL CLASSIFICATION NUMBER
Classification number 028.7366
Item number HAW/CO
100 ## - MAIN ENTRY--AUTHOR NAME
Personal name Hawley, Gessner G .
245 ## - TITLE STATEMENT
Title Condensed chemical dictionary /
250 ## - EDITION STATEMENT
Edition statement 10 /
260 ## - PUBLICATION, DISTRIBUTION, ETC. (IMPRINT)
Place of publication Newdelhi :
Name of publisher Galgolia book house ,
Year of publication 1984.
300 ## - PHYSICAL DESCRIPTION
Number of Pages 1135 ; .
942 ## - ADDED ENTRY ELEMENTS (KOHA)
Koha item type Books
Holdings
Withdrawn status Lost status Damaged status Home library Current library Date acquired Full call number Accession Number Koha item type
      KAUAET KAUAET 19/08/1986 028.7366 15378 Reference
free website counter